Normal view
MARC view
- Linear integrated circuits
Entry Topical Term
001 - CONTROL NUMBER
- control field: 105513
003 - CONTROL NUMBER IDENTIFIER
- control field: NUST
005 - DATE AND TIME OF LATEST TRANSACTION
- control field: 20221221120607.0
008 - FIXED-LENGTH DATA ELEMENTS
- fixed length control field: 221221|| aca||aabn | a|a d
040 ## - CATALOGING SOURCE
- Original cataloging agency: NUST
- Transcribing agency: NUST
150 ## - HEADING--TOPICAL TERM
- Topical term or geographic name entry element: Linear integrated circuits
- General subdivision: Design and construction
- General subdivision: Congresses
670 ## - SOURCE DATA FOUND
- Source citation: Work cat.: (NUST)181594: Analog circuit design : MCSMOST RF circuits, sigma-delta converters, and translinear circuits /, c1996.
